Carlismo y contrarrevolución en España: 1931-1939
Guardat en:
| Autor principal: | |
|---|---|
| Format: | Llibre |
| Idioma: | espanyol |
| Publicat: |
Barcelona
Crítica
1979
|
| Col·lecció: | Temas Hispánicos, 54
|
| Matèries: | |
| Etiquetes: |
Afegir etiqueta
Sense etiquetes, Sigues el primer a etiquetar aquest registre!
|
MARC
| LEADER | 00000nam a2200000 a 4500 | ||
|---|---|---|---|
| 001 | UCM8950 | ||
| 003 | CL-VaPUC | ||
| 008 | 030404e19790000SP |||||||||||||||||spa|d | ||
| 082 | 0 | 4 | |a 946.07 |b BLI |2 21 |
| 100 | 0 | |a Blinkhorn, Martín |e author |9 475275 | |
| 245 | 1 | 0 | |a Carlismo y contrarrevolución en España: 1931-1939 |
| 300 | |a 468 p | ||
| 942 | |c BK | ||
| 945 | |d 20030404 00:00:00 |a cmena | ||
| 260 | |a Barcelona |b Crítica |c 1979 | ||
| 650 | 7 | |a CARLISMO |2 CL-VaPUC |9 475276 | |
| 650 | 0 | |a Guerra civil española |9 331803 | |
| 650 | 0 | |a Fascismo |9 255687 | |
| 650 | 7 | |a ESPAÑA 1931 - 1939 |2 CL-VaPUC |9 475277 | |
| 583 | |a last modification |c 20030404 00:00:00 |k Rodrigo Vera | ||
| 490 | 0 | |a Temas Hispánicos, 54 | |
| 999 | |c 303359 |d 303357 | ||
| 952 | |0 0 |1 0 |4 0 |6 946_070000000000000_BLI_1979 |7 0 |8 A |9 364612 |a BIBHIS |b BIBHIS |d 2019-11-21 |i 3889777 |o 946.07 BLI 1979 |p 3889777 |r 2025-01-20 |w 2019-11-21 |y BK |k HIS | ||